000 00242nam a22001097a 4500
999 _c166678
_d166678
082 _a
_b
100 _aLallan Ray
245 _aTulsi ki sahithya sadhana/
_cby Lallan Ray.
260 _aNew Delhi:
_bVani,
_c1988.
650 _a
942 _cBK